Java: (Record no. 150488)

MARC details
000 -LEADER
fixed length control field 00600nam a22002057a 4500
005 - DATE AND TIME OF LATEST TRANSACTION
control field 20180322131457.0
010 ## - LCCN (DPL NO)
LC control number ENG-122369
020 ## - INTERNATIONAL STANDARD BOOK NUMBER
Terms of availability 250.00
International Standard Book Number 100071077103
035 ## - SYSTEM CONTROL NUMBER
System control number EN-105901
037 ## - SOURCE OF ACQUISITION
Source of stock number/acquisition DBAD/PUB
082 ## - DEWEY DECIMAL CLASSIFICATION NUMBER
Classification number 005.133
100 ## - MAIN ENTRY--PERSONAL NAME
Personal name Mc Grath, Mike
245 ## - TITLE STATEMENT
Title Java:
Statement of responsibility, etc by Mike Mc Grath
Remainder of title in easy steps /
250 ## - EDITION STATEMENT
Edition statement 3rd ed.
260 ## - PUBLICATION, DISTRIBUTION, ETC. (IMPRINT)
Place of publication, distribution, etc New Delhi
Name of publisher, distributor, etc Tata McGraw Hill Education Private Limited
Date of publication, distribution, etc 2010
270 ## - ADDRESS
Address 7, West Patel Nagar
City New Delhi
Postal code 110008
300 ## - PHYSICAL DESCRIPTION
Extent 192p.
Dimensions 22cm.(pbk)
Other physical details ill.
500 ## - GENERAL NOTE
General note Including index
942 ## - ADDED ENTRY ELEMENTS (KOHA)
Source of classification or shelving scheme Dewey Decimal Classification
Item type English Books
Call number suffix MCG
Classification part 005.133
Holdings
Withdrawn status Lost status Not for loan Collection code Home library Current library Date acquired Source of acquisition Cost, normal purchase price Full call number Barcode Copy number Cost, replacement price Koha item type
    Not For Loan Non-fiction D.B.Act.Division Bawana 22/03/2018 DBAD/PUB 250.00 005.133 MCG EN-105901 1 250.00 English Books

© Delhi Public Library
Hit Counter
free hit counter